En La Vega: resistencia antitrujillista .... y más allá (Record no. 7550)
[ view plain ]
| 000 -LEADER | |
|---|---|
| campo de control de longitud fija | 00396nam a2200145Ia 4500 |
| 001 - NÚMERO DE CONTROL | |
| campo de control | 3826 |
| 008 - DATOS DE LONGITUD FIJA--INFORMACIÓN GENERAL | |
| campo de control de longitud fija | 241024s9999 xx 000 0 und d |
| 020 ## - NÚMERO INTERNACIONAL ESTÁNDAR DEL LIBRO | |
| Número Internacional Estándar del Libro | 978-9945-462-74-6 |
| 082 ## - NÚMERO DE LA CLASIFICACIÓN DECIMAL DEWEY | |
| Número de clasificación | RD/972.93063/P426v |
| 100 ## - ENTRADA PRINCIPAL--NOMBRE DE PERSONA | |
| Nombre de persona | José Peralta Michel |
| 245 #0 - MENCIÓN DEL TÍTULO | |
| Título | En La Vega: resistencia antitrujillista .... y más allá |
| 260 ## - PUBLICACIÓN, DISTRIBUCIÓN, ETC. | |
| Nombre del editor, distribuidor, etc. | Ed. Búho |
| Fecha de publicación, distribución, etc. | 2014 |
| 901 ## - ELEMENTOS DE DATOS A LOCAL LDA (RLIN) | |
| a | 22/9/2014 10:40:04 a.m. |
No items available.